000 00703nam a2200217Ia 4500
008 191130s2003##################000#0#eng##
020 _a9780521530361
022 _a2002071481
040 _aACL
_cACL
082 _a959 LIE.2
100 _aLieberman, Victor B
245 _aStrange parallels : Southeast Asia in global context, c 800-1830
_cVictor Lieberman
260 _aCambridge
_bCambridge University Press
_c2003-2009
300 _a2 v. ; 24 cm
500 _aIncludes bibliographical references and index. xxvi,947p
650 _aSoutheast Asia - Historiography
650 _aSoutheast Asia - History
990 _a1c85c355ac10000c147382887f4cf178
991 _a274405
999 _c395091
_d395091